<?xml version="1.0" encoding="UTF-8"?><?xml-stylesheet type="text/xsl" href="static/style.xsl"?><OAI-PMH xmlns="http://www.openarchives.org/OAI/2.0/" xmlns:xsi="http://www.w3.org/2001/XMLSchema-instance" xsi:schemaLocation="http://www.openarchives.org/OAI/2.0/ http://www.openarchives.org/OAI/2.0/OAI-PMH.xsd"><responseDate>2026-06-30T05:21:18Z</responseDate><request verb="GetRecord" identifier="oai:riubu.ubu.es:10259/7541" metadataPrefix="marc">https://riubu.ubu.es/oai/request</request><GetRecord><record><header><identifier>oai:riubu.ubu.es:10259/7541</identifier><datestamp>2025-01-19T23:42:07Z</datestamp><setSpec>com_10259_4219</setSpec><setSpec>com_10259_5086</setSpec><setSpec>com_10259_2604</setSpec><setSpec>col_10259_4220</setSpec></header><metadata><record xmlns="http://www.loc.gov/MARC21/slim" xmlns:doc="http://www.lyncode.com/xoai" xmlns:xsi="http://www.w3.org/2001/XMLSchema-instance" xmlns:dcterms="http://purl.org/dc/terms/" xsi:schemaLocation="http://www.loc.gov/MARC21/slim http://www.loc.gov/standards/marcxml/schema/MARC21slim.xsd">
<leader>00925njm 22002777a 4500</leader>
<datafield tag="042" ind1=" " ind2=" ">
<subfield code="a">dc</subfield>
</datafield>
<datafield tag="720" ind1=" " ind2=" ">
<subfield code="a">Kuncheva, Ludmila I. .</subfield>
<subfield code="e">author</subfield>
</datafield>
<datafield tag="720" ind1=" " ind2=" ">
<subfield code="a">Garrido Labrador, José Luis</subfield>
<subfield code="e">author</subfield>
</datafield>
<datafield tag="720" ind1=" " ind2=" ">
<subfield code="a">Ramos Pérez, Ismael</subfield>
<subfield code="e">author</subfield>
</datafield>
<datafield tag="720" ind1=" " ind2=" ">
<subfield code="a">Hennessey, Samuel L.</subfield>
<subfield code="e">author</subfield>
</datafield>
<datafield tag="720" ind1=" " ind2=" ">
<subfield code="a">Rodríguez Diez, Juan José</subfield>
<subfield code="e">author</subfield>
</datafield>
<datafield tag="260" ind1=" " ind2=" ">
<subfield code="c">2023-05</subfield>
</datafield>
<datafield tag="520" ind1=" " ind2=" ">
<subfield code="a">In the face of the global concern about climate change and endangered ecosystems, monitoring individual animals is of paramount importance. Computer vision methods for animal recognition and re-identification from video or image collections are a modern alternative to more traditional but intrusive methods such as tagging or branding. While there are many studies reporting results on various animal re-identification databases, there is a notable lack of comparative studies between different classification methods. In this paper we offer a comparison of 25 classification methods including linear, non-linear and ensemble models, as well as deep learning networks. Since the animal databases are vastly different in characteristics and difficulty, we propose an experimental protocol that can be applied to a chosen data collections. We use a publicly available database of five video clips, each containing multiple identities (9 to 27), where the animals are typically present as a group in each video frame. Our experiment involves five data representations: colour, shape, texture, and two feature spaces extracted by deep learning. In our experiments, simpler models (linear classifiers) and just colour feature space gave the best classification accuracy, demonstrating the importance of running a comparative study before resorting to complex, time-consuming, and potentially less robust methods.</subfield>
</datafield>
<datafield tag="024" ind2=" " ind1="8">
<subfield code="a">1574-9541</subfield>
</datafield>
<datafield tag="024" ind2=" " ind1="8">
<subfield code="a">http://hdl.handle.net/10259/7541</subfield>
</datafield>
<datafield tag="024" ind2=" " ind1="8">
<subfield code="a">10.1016/j.ecoinf.2023.101994</subfield>
</datafield>
<datafield ind1=" " ind2=" " tag="653">
<subfield code="a">Animal re-identification</subfield>
</datafield>
<datafield ind1=" " ind2=" " tag="653">
<subfield code="a">Computer vision</subfield>
</datafield>
<datafield ind1=" " ind2=" " tag="653">
<subfield code="a">Classification</subfield>
</datafield>
<datafield ind1=" " ind2=" " tag="653">
<subfield code="a">Convolutional networks</subfield>
</datafield>
<datafield ind1=" " ind2=" " tag="653">
<subfield code="a">Comparative study</subfield>
</datafield>
<datafield tag="245" ind1="0" ind2="0">
<subfield code="a">An experiment on animal re-identification from video</subfield>
</datafield>
</record></metadata></record></GetRecord></OAI-PMH>